000 00545nam a2200193Ia 4500
005 20250326141128.0
008 250326s9999 xx 000 0 und d
037 _aTextbook
040 _aFMSL
_beng
_cFMSL
041 _aeng
_2eng
084 _aX:8D N6
_qFMSL
100 _aCarrell M R, Etc.
_9743768
245 0 _aHuman resource management
_cCarrell M R, Etc.
250 _aEd 5th
260 _aNew Jersey
_bNew Jersey, Prentice-Hall of Englewood
_c1995
300 _a318p
942 _cTB
_hX:8D N6
999 _c1288831
_d1288831